Africa's stolen river [
| Format: | Book |
|---|---|
| Published: |
s.l. :
National Geographic ,
19__
|
| Subjects: |
MARC
| LEADER | 00000cam a2200000 7i4500 | ||
|---|---|---|---|
| 001 | 0000002195 | ||
| 002 | 000002393 | ||
| 005 | 20021014.0 | ||
| 020 | |a 000002393 | ||
| 090 | 0 | 0 | |a 333.9516 |b AFR |
| 245 | 0 | 0 | |a Africa's stolen river [ |h video recording] |
| 260 | |a s.l. : |b National Geographic , |c 19__ | ||
| 300 | |a 1 Video recording VHS (50 minutes) : |b col. | ||
| 500 | |a Library has 1 copy | ||
| 650 | 0 | 0 | |a Wilderness areas |x Wildlife conservation |z Africa |
| 999 | |a 00097 |b VIDEO |c KOLEKSI AUDIO VIDEO |e PERPUSTAKAAN KOMUNITI PETALING JAYA | ||